| 000 | 00829nam a2200229Ia 4500 | ||
|---|---|---|---|
| 005 | 20250108125136.0 | ||
| 008 | 008 250107s9999 xx 000 0 hin d | ||
| 020 | _a978-0-19-946809-6 | ||
| 037 | _aTB | ||
| 040 |
_aCRL _bhin _cCRL |
||
| 041 |
_ahin _2hin |
||
| 084 | _aN498,C(Q4) N6 | ||
| 084 | _qCRL | ||
| 100 | _aफणीश सिंह, संपा. | ||
| 245 | 0 |
_aफ्रांस की लोकप्रिय कहानियॉं _cफणीश सिंह, संपा. |
|
| 260 |
_aमुजफ्फरपुर, भारत _bअभिधा प्रकाशन _c3451 |
||
| 300 | _a215पृ0 | ||
| 365 |
_aINR _b1875 |
||
| 650 |
_aहिन्दी कहानीहिन्दी साहित्य _9729733 |
||
| 942 |
_cTB _hN498,C(Q4) N6 |
||
| 999 |
_c1235839 _d1235839 |
||